000
00320nam a22001217a 4500
008
251106b |||||||| |||| 00| 0 eng d
020
_a
B81582703253A
100
_a
Eastern Book Company
245
_a
social security code, 2020
260
_a
New Delhi
_b
Eastern Book Company
_c
2024
300
_a
iv, 155 pages
942
_c
C
999
_c
64029
_d
64029